| 000 | 00526nam a2200193 a 4500 | ||
|---|---|---|---|
| 001 | 1758620201716 | ||
| 003 | YourLibrary | ||
| 005 | 20250923150819.0 | ||
| 008 | 250923s1999##################000#0#eng## | ||
| 020 | _a9780195133097 | ||
| 082 | 0 | 4 |
_a577 _bDOD |
| 100 | 1 |
_aDodson, Stanley I., _eauthor. |
|
| 245 | 1 | 0 | _aReadings in Ecology : |
| 260 |
_bOxford University Press on Demand, _c1999. |
||
| 300 | _a461 pages | ||
| 650 | 0 | _aLanguage Arts & Disciplines. | |
| 942 | _cENGLISH | ||
| 040 |
_aYourLibrary _beng _cYourLibrary |
||
| 999 |
_c589059 _d589059 |
||